[Event "Open de Figueres Miquel Mas 2017"]
[Site "Figueres ESP"]
[Date "2017.08.12"]
[Round "3.1"]
[White "Riff, Jean-Noel"]
[Black "Campos Moreno, Javier B."]
[Result "1-0"]
[WhiteElo "2499"]
[BlackElo "2413"]
[PlyCount "89"]
[EventDate "2017.08.10"]
[EventType "swiss"]
[EventRounds "9"]
[EventCountry "ESP"]
[SourceTitle "Ajedrez en Madrid"]
[Source "lmi"]
[SourceDate "2017.08.10"]
[SourceVersion "1"]
[SourceVersionDate "2018.07.27"]
[SourceQuality "1"]

1. e4 e5 2. Nf3 Nc6 3. Bb5 a6 4. Ba4 Nf6 5. O-O Be7 6. Re1 b5 7. Bb3 d6 8. c3
O-O 9. h3 Na5 10. Bc2 c5 11. d4 Qc7 12. Nbd2 cxd4 13. cxd4 Rd8 14. b3 Bb7 15.
Bb2 Nc6 16. Rc1 Qb6 17. Nf1 d5 18. Nxe5 dxe4 19. Nxc6 Bxc6 20. Ng3 Ra7 21. Nxe4
Nxe4 22. Bxe4 Bxe4 23. Rxe4 Bf6 24. Ba3 Rad7 25. Bc5 Qb7 26. Qf3 Be7 27. Rce1
Bf8 28. Qe3 Qa8 29. b4 g6 30. a3 Rc8 31. Re8 Rxe8 32. Qxe8 Rd8 33. Qe4 Qc8 34.
Bxf8 Kxf8 35. Qe5 Kg8 36. d5 Qd7 37. Rd1 Re8 38. Qf4 Kg7 39. d6 Re6 40. Qd4+
Kh6 41. Qc5 f6 42. Qc7 Qxc7 43. dxc7 Rc6 44. Rd7 g5 45. g4 1-0

[Event "Open de Figueres Miquel Mas 2017"]
[Site "Figueres ESP"]
[Date "2017.08.12"]
[Round "3.2"]
[White "Touzane, Olivier"]
[Black "Munoz, Miguel"]
[Result "0-1"]
[WhiteElo "2264"]
[BlackElo "2497"]
[PlyCount "62"]
[EventDate "2017.08.10"]
[EventType "swiss"]
[EventRounds "9"]
[EventCountry "ESP"]
[SourceTitle "Ajedrez en Madrid"]
[Source "lmi"]
[SourceDate "2017.08.10"]
[SourceVersion "1"]
[SourceVersionDate "2018.07.27"]
[SourceQuality "1"]

1. d4 c5 2. d5 Nf6 3. Bf4 Qb6 4. Nc3 Qxb2 5. Bd2 Qb6 6. e4 e5 7. f4 d6 8. Nf3
Bg4 9. Rb1 Qc7 10. f5 a6 11. a4 Nbd7 12. h3 Bxf3 13. Qxf3 h5 14. g3 Be7 15. Be2
h4 16. g4 Nh7 17. Nd1 Bg5 18. Ne3 Bf4 19. O-O Ng5 20. Qg2 Nf6 21. Bd3 O-O 22.
c4 b5 23. Rfe1 bxa4 24. Nf1 Rfb8 25. Bxf4 exf4 26. Kh2 Qe7 27. e5 dxe5 28. Ra1
Rb3 29. d6 Qd8 30. Rad1 Rab8 31. Rxe5 Qxd6 0-1

[Event "Open de Figueres Miquel Mas 2017"]
[Site "Figueres ESP"]
[Date "2017.08.12"]
[Round "3.3"]
[White "Alonso Bouza, Julio Javier"]
[Black "Martorell Aubanell, Adria"]
[Result "1-0"]
[WhiteElo "2377"]
[BlackElo "2191"]
[PlyCount "77"]
[EventDate "2017.08.10"]
[EventType "swiss"]
[EventRounds "9"]
[EventCountry "ESP"]
[SourceTitle "Ajedrez en Madrid"]
[Source "lmi"]
[SourceDate "2017.08.10"]
[SourceVersion "1"]
[SourceVersionDate "2018.07.27"]
[SourceQuality "1"]

1. e4 c5 2. Nf3 Nc6 3. d4 cxd4 4. Nxd4 Nf6 5. Nc3 g6 6. Be3 Bg7 7. Bc4 O-O 8.
Bb3 a5 9. O-O a4 10. Nxa4 Nxe4 11. Nb5 Ra6 12. Re1 d6 13. f3 Nf6 14. Qd2 Bd7
15. c4 Na5 16. Qb4 Nc6 17. Qd2 Na5 18. Qe2 Nxb3 19. axb3 Re8 20. Rac1 Bc6 21.
Red1 Nd7 22. Nac3 Bxb5 23. Nxb5 Qb8 24. b4 Nf6 25. Nc3 Qc8 26. b5 Ra8 27. b4
Qe6 28. c5 Qb3 29. c6 bxc6 30. bxc6 Qxb4 31. Nb5 Rec8 32. Na7 Rc7 33. Nb5 Rcc8
34. Na7 Rc7 35. Qa6 Qb3 36. Bf2 Nd5 37. Qa5 Rxc6 38. Rb1 Qc2 39. Qxd5 1-0

[Event "Open de Figueres Miquel Mas 2017"]
[Site "Figueres ESP"]
[Date "2017.08.12"]
[Round "3.4"]
[White "Renteria, Jorge"]
[Black "Vidal Zamora, Alex"]
[Result "0-1"]
[WhiteElo "2332"]
[BlackElo "2365"]
[PlyCount "70"]
[EventDate "2017.08.10"]
[EventType "swiss"]
[EventRounds "9"]
[EventCountry "ESP"]
[SourceTitle "Ajedrez en Madrid"]
[Source "lmi"]
[SourceDate "2017.08.10"]
[SourceVersion "1"]
[SourceVersionDate "2018.07.27"]
[SourceQuality "1"]

1. e4 c5 2. Nf3 Nc6 3. d4 cxd4 4. Nxd4 Nf6 5. Nc3 d6 6. Be3 e5 7. Nb3 Be6 8. f3
Be7 9. Qd2 d5 10. exd5 Nxd5 11. Nxd5 Qxd5 12. Qxd5 Bxd5 13. O-O-O O-O-O 14. Be2
f5 15. Rd2 b6 16. Rhd1 Be6 17. Rxd8+ Rxd8 18. Rxd8+ Kxd8 19. a3 h5 20. f4 exf4
21. Bxf4 g5 22. Be3 f4 23. Nd4 Bd5 24. Bf3 Bxf3 25. gxf3 Ne5 26. Bf2 Bc5 27.
Ne6+ Kd7 28. Nxc5+ bxc5 29. Bxc5 Nxf3 30. Bxa7 Nxh2 31. Kd1 h4 32. Ke2 h3 33.
Kf2 g4 34. Bb8 g3+ 35. Ke1 Nf3+ 0-1

[Event "Open de Figueres Miquel Mas 2017"]
[Site "Figueres ESP"]
[Date "2017.08.12"]
[Round "3.6"]
[White "Guix Torres, David"]
[Black "Mellado Trivino, Juan"]
[Result "0-1"]
[WhiteElo "2040"]
[BlackElo "2392"]
[PlyCount "60"]
[EventDate "2017.08.10"]
[EventType "swiss"]
[EventRounds "9"]
[EventCountry "ESP"]
[SourceTitle "Ajedrez en Madrid"]
[Source "lmi"]
[SourceDate "2017.08.10"]
[SourceVersion "1"]
[SourceVersionDate "2018.07.27"]
[SourceQuality "1"]

1. d4 e6 2. Nf3 f5 3. Bg5 Nf6 4. Nc3 d5 5. a3 Be7 6. e3 O-O 7. Bd3 Nbd7 8. Ne2
Ne4 9. Bxe7 Qxe7 10. c4 a5 11. O-O c6 12. Rc1 g5 13. Ne5 Nxe5 14. dxe5 Bd7 15.
Qc2 b6 16. f3 Nc5 17. Rfd1 Qg7 18. Qc3 a4 19. Ng3 Be8 20. cxd5 cxd5 21. Ne2 Kh8
22. g3 Bh5 23. Kf2 Qh6 24. Bb1 Bxf3 25. h4 Be4 26. Rd4 gxh4 27. Nf4 hxg3+ 28.
Kxg3 Rg8+ 29. Kf2 Qh2+ 30. Kf1 Rg1# 0-1

[Event "Open de Figueres Miquel Mas 2017"]
[Site "Figueres ESP"]
[Date "2017.08.12"]
[Round "3.7"]
[White "Paraschiv, Paul-Alexandru"]
[Black "Cuadras Avellana, Jordi"]
[Result "1-0"]
[WhiteElo "2017"]
[BlackElo "2282"]
[PlyCount "117"]
[EventDate "2017.08.10"]
[EventType "swiss"]
[EventRounds "9"]
[EventCountry "ESP"]
[SourceTitle "Ajedrez en Madrid"]
[Source "lmi"]
[SourceDate "2017.08.10"]
[SourceVersion "1"]
[SourceVersionDate "2018.07.27"]
[SourceQuality "1"]

1. d4 Nf6 2. Bf4 e6 3. e3 c5 4. c3 b6 5. Nd2 Bb7 6. Ngf3 Be7 7. h3 O-O 8. Bd3
cxd4 9. exd4 d6 10. O-O Nbd7 11. Re1 Re8 12. Ne4 Bxe4 13. Bxe4 Nxe4 14. Rxe4 d5
15. Re1 b5 16. Qd3 Qb6 17. h4 a5 18. Ng5 Nf8 19. Qf3 f6 20. Nh3 b4 21. h5 Ra7
22. Qg4 Bd6 23. Re2 bxc3 24. bxc3 Rc7 25. Qg3 Bxf4 26. Nxf4 Rec8 27. h6 g6 28.
Rc1 Qd6 29. Qf3 Qa3 30. Rec2 Qd6 31. Re2 Rc4 32. Nxe6 Nxe6 33. Qxf6 Rxc3 34.
Rxc3 Rxc3 35. Qxe6+ Qxe6 36. Rxe6 Rc1+ 37. Kh2 Rc4 38. Re8+ Kf7 39. Rh8 g5 40.
Rxh7+ Kg6 41. Rd7 Kxh6 42. Rd6+ Kg7 43. Rxd5 Ra4 44. Rxg5+ Kf6 45. Re5 Rxa2 46.
Kg3 a4 47. Ra5 a3 48. f3 Ra1 49. Kf4 Ke6 50. g4 Kd6 51. Kf5 Kc6 52. f4 Kb6 53.
Ra8 Kb7 54. Ra4 Kb6 55. g5 Kb5 56. Ra8 Kc4 57. g6 a2 58. g7 Rg1 59. Kf6 1-0

[Event "Open de Figueres Miquel Mas 2017"]
[Site "Figueres ESP"]
[Date "2017.08.12"]
[Round "3.8"]
[White "Hernando Rodrigo, Julio Antoni"]
[Black "Salleras Mercader, Josep M."]
[Result "1-0"]
[WhiteElo "2276"]
[BlackElo "1746"]
[PlyCount "61"]
[EventDate "2017.08.10"]
[EventType "swiss"]
[EventRounds "9"]
[EventCountry "ESP"]
[SourceTitle "Ajedrez en Madrid"]
[Source "lmi"]
[SourceDate "2017.08.10"]
[SourceVersion "1"]
[SourceVersionDate "2018.07.27"]
[SourceQuality "1"]

1. d4 Nf6 2. c4 e5 3. dxe5 Ng4 4. Nh3 Nxe5 5. e3 Be7 6. Nf4 O-O 7. Be2 d6 8.
O-O Nbd7 9. Nd5 Nf6 10. Nxe7+ Qxe7 11. Nc3 Bf5 12. f3 Rad8 13. e4 Be6 14. f4
Nc6 15. f5 Bc8 16. Bg5 Qe5 17. Nd5 Nxe4 18. Bxd8 Rxd8 19. f6 Nxf6 20. Nxf6+
gxf6 21. Bg4 f5 22. Bf3 Qc5+ 23. Kh1 Qxc4 24. Bxc6 Qxc6 25. Rc1 Qd7 26. Re1 c6
27. Qd4 Rf8 28. Rc3 f6 29. Rce3 Qd8 30. Re7 Bd7 31. Qh4 1-0

[Event "Open de Figueres Miquel Mas 2017"]
[Site "Figueres ESP"]
[Date "2017.08.12"]
[Round "3.9"]
[White "Parals Marce, Luis"]
[Black "Gonzalez Rodriguez, Jorge A."]
[Result "0-1"]
[WhiteElo "2015"]
[BlackElo "2274"]
[PlyCount "65"]
[EventDate "2017.08.10"]
[EventType "swiss"]
[EventRounds "9"]
[EventCountry "ESP"]
[SourceTitle "Ajedrez en Madrid"]
[Source "lmi"]
[SourceDate "2017.08.10"]
[SourceVersion "1"]
[SourceVersionDate "2018.07.27"]
[SourceQuality "1"]

1. d4 Nf6 2. e3 c5 3. c3 e6 4. Bd3 d5 5. f4 Ne4 6. Nf3 Be7 7. O-O O-O 8. Nbd2
f5 9. Ne5 Nxd2 10. Bxd2 Nc6 11. Rf3 Nxe5 12. dxe5 Bd7 13. Rh3 Be8 14. Be1 c4
15. Bc2 b5 16. g4 Bg6 17. Rg3 a5 18. gxf5 Bxf5 19. Bxf5 Rxf5 20. Qg4 g6 21. Rd1
Qf8 22. Rh3 Qf7 23. Kh1 b4 24. Bg3 bxc3 25. bxc3 Rb8 26. Qe2 Ba3 27. e4 Rb2 28.
Qf1 dxe4 29. Qxc4 Rxe5 30. Qc8+ Bf8 31. Rd7 Rd5 32. Rxd5 exd5 33. Rxh7 0-1

[Event "Open de Figueres Miquel Mas 2017"]
[Site "Figueres ESP"]
[Date "2017.08.12"]
[Round "3.13"]
[White "Carranza Font, Joan"]
[Black "Falgueras Marti, Carles"]
[Result "1/2-1/2"]
[WhiteElo "1780"]
[BlackElo "1910"]
[PlyCount "32"]
[EventDate "2017.08.10"]
[EventType "swiss"]
[EventRounds "9"]
[EventCountry "ESP"]
[SourceTitle "Ajedrez en Madrid"]
[Source "lmi"]
[SourceDate "2017.08.10"]
[SourceVersion "1"]
[SourceVersionDate "2018.07.27"]
[SourceQuality "1"]

1. Nf3 Nf6 2. g3 d5 3. d4 c6 4. Bg2 Bf5 5. O-O e6 6. c4 Be7 7. Nc3 Nbd7 8. cxd5
exd5 9. Nh4 Bg6 10. Bg5 O-O 11. Nxg6 hxg6 12. e4 Nxe4 13. Bxe7 Qxe7 14. Re1
Ndf6 15. f3 Nxc3 16. Rxe7 Nxd1 1/2-1/2

[Event "Open de Figueres Miquel Mas 2017"]
[Site "Figueres ESP"]
[Date "2017.08.12"]
[Round "4.2"]
[White "Vidal Zamora, Alex"]
[Black "Alonso Bouza, Julio Javier"]
[Result "1-0"]
[WhiteElo "2365"]
[BlackElo "2377"]
[PlyCount "87"]
[EventDate "2017.08.10"]
[EventType "swiss"]
[EventRounds "9"]
[EventCountry "ESP"]
[SourceTitle "Ajedrez en Madrid"]
[Source "lmi"]
[SourceDate "2017.08.10"]
[SourceVersion "1"]
[SourceVersionDate "2018.07.27"]
[SourceQuality "1"]

1. d4 Nf6 2. Nf3 g6 3. g3 Bg7 4. Bg2 O-O 5. O-O d6 6. c4 Nbd7 7. Nc3 e5 8. dxe5
dxe5 9. Qc2 c6 10. Rd1 Qc7 11. b3 Re8 12. e4 Bf8 13. Qe2 Nc5 14. b4 Ne6 15. Rb1
Bd7 16. h3 Rad8 17. Be3 Bc8 18. c5 Nh5 19. Qc4 Bg7 20. b5 Nd4 21. Nxd4 exd4 22.
Bxd4 Be6 23. Qb4 Bxd4 24. Rxd4 Nxg3 25. Rd6 Nh5 26. e5 cxb5 27. Nxb5 Qe7 28.
Re1 a6 29. Nc3 Rc8 30. h4 Rc7 31. Nd5 Bxd5 32. Bxd5 Ng7 33. Re4 Rec8 34. e6 f5
35. Rc4 Kh8 36. Rc3 h6 37. Qd4 Kh7 38. Bb3 g5 39. hxg5 hxg5 40. Re3 Rg8 41. Rd7
Qxc5 42. Qxc5 Rxc5 43. e7 Rgc8 44. e8=Q 1-0

[Event "Open de Figueres Miquel Mas 2017"]
[Site "Figueres ESP"]
[Date "2017.08.12"]
[Round "4.3"]
[White "Campos Moreno, Javier B."]
[Black "Touzane, Olivier"]
[Result "1/2-1/2"]
[WhiteElo "2413"]
[BlackElo "2264"]
[PlyCount "46"]
[EventDate "2017.08.10"]
[EventType "swiss"]
[EventRounds "9"]
[EventCountry "ESP"]
[SourceTitle "Ajedrez en Madrid"]
[Source "lmi"]
[SourceDate "2017.08.10"]
[SourceVersion "1"]
[SourceVersionDate "2018.07.27"]
[SourceQuality "1"]

1. d4 d5 2. c4 e6 3. Nc3 Be7 4. Nf3 Nf6 5. Bg5 h6 6. Bh4 O-O 7. e3 Ne4 8. Bxe7
Qxe7 9. Rc1 Nxc3 10. Rxc3 c6 11. Be2 Nd7 12. O-O dxc4 13. Bxc4 b6 14. Bd3 c5
15. Qc2 Bb7 16. Bh7+ Kh8 17. Be4 cxd4 18. Nxd4 Bxe4 19. Qxe4 Nc5 20. Qc2 a5 21.
Rc1 Qb7 22. h3 Rad8 23. Nb3 Na6 1/2-1/2

[Event "Open de Figueres Miquel Mas 2017"]
[Site "Figueres ESP"]
[Date "2017.08.12"]
[Round "4.4"]
[White "Mellado Trivino, Juan"]
[Black "Sole Pijuan, Ferran"]
[Result "1/2-1/2"]
[WhiteElo "2392"]
[BlackElo "2216"]
[PlyCount "40"]
[EventDate "2017.08.10"]
[EventType "swiss"]
[EventRounds "9"]
[EventCountry "ESP"]
[SourceTitle "Ajedrez en Madrid"]
[Source "lmi"]
[SourceDate "2017.08.10"]
[SourceVersion "1"]
[SourceVersionDate "2018.07.27"]
[SourceQuality "1"]

1. e4 e5 2. Nf3 Nc6 3. Bc4 Bc5 4. O-O Nf6 5. d4 Bxd4 6. Nxd4 Nxd4 7. f4 d6 8.
fxe5 dxe5 9. Bg5 Qe7 10. Na3 Be6 11. c3 Bxc4 12. Bxf6 gxf6 13. Nxc4 Ne6 14. b4
Rg8 15. Ne3 Nf4 16. g3 Qe6 17. Qf3 Nh3+ 18. Kh1 Ng5 19. Qg2 O-O-O 20. Rad1 h5
1/2-1/2

[Event "Open de Figueres Miquel Mas 2017"]
[Site "Figueres ESP"]
[Date "2017.08.12"]
[Round "4.5"]
[White "Serra Pages, Jordi"]
[Black "Hernando Rodrigo, Julio Antoni"]
[Result "1-0"]
[WhiteElo "2232"]
[BlackElo "2276"]
[PlyCount "121"]
[EventDate "2017.08.10"]
[EventType "swiss"]
[EventRounds "9"]
[EventCountry "ESP"]
[SourceTitle "Ajedrez en Madrid"]
[Source "lmi"]
[SourceDate "2017.08.10"]
[SourceVersion "1"]
[SourceVersionDate "2018.07.27"]
[SourceQuality "1"]

1. d4 Nf6 2. Nf3 g6 3. c4 Bg7 4. Nc3 O-O 5. e4 d6 6. Be2 Na6 7. O-O e5 8. Be3
Qe8 9. dxe5 dxe5 10. h3 c6 11. Qd6 Nh5 12. Rfd1 Nf4 13. Bf1 h6 14. b4 Qe6 15.
b5 Nb8 16. a4 Re8 17. Ra2 Qxd6 18. Rxd6 Bf8 19. Rd1 Nd7 20. Rad2 Nf6 21. Nxe5
Ne6 22. Nd3 Bg7 23. e5 Nd7 24. Ne4 g5 25. Nd6 Rf8 26. Nf5 Bxe5 27. Nxe5 Nxe5
28. Nxh6+ Kh7 29. Nf5 Nf4 30. Nd6 cxb5 31. cxb5 Be6 32. Nxb7 Bb3 33. Bxf4 gxf4
34. Rb1 Be6 35. Re1 f6 36. Nc5 Bf5 37. Rd4 f3 38. g4 Rac8 39. Nd3 Bxd3 40.
Bxd3+ Kg7 41. Kh2 Rc3 42. Bf5 Rf7 43. Kg3 Rfc7 44. h4 Rc1 45. Rxc1 Rxc1 46. Rd6
Rg1+ 47. Kf4 Rg2 48. g5 Rxf2 49. gxf6+ Kf7 50. Kxe5 Re2+ 51. Kf4 f2 52. Bh3 Re1
53. Kg3 Re3+ 54. Kxf2 Rxh3 55. Ra6 Rxh4 56. Ke3 Rc4 57. Kd3 Rc7 58. Kd4 Ke8 59.
Kd5 Kd7 60. Re6 Kd8 61. Re7 1-0

[Event "Open de Figueres Miquel Mas 2017"]
[Site "Figueres ESP"]
[Date "2017.08.12"]
[Round "4.6"]
[White "Gonzalez Rodriguez, Jorge A."]
[Black "Pinsach Gelabert, Alexandre"]
[Result "1-0"]
[WhiteElo "2274"]
[BlackElo "2105"]
[PlyCount "99"]
[EventDate "2017.08.10"]
[EventType "swiss"]
[EventRounds "9"]
[EventCountry "ESP"]
[SourceTitle "Ajedrez en Madrid"]
[Source "lmi"]
[SourceDate "2017.08.10"]
[SourceVersion "1"]
[SourceVersionDate "2018.07.27"]
[SourceQuality "1"]

1. b3 e5 2. Bb2 Nc6 3. e3 Nf6 4. Nf3 e4 5. Ne5 Nxe5 6. Bxe5 d5 7. d4 exd3 8.
cxd3 Bd6 9. Bb2 O-O 10. Be2 c6 11. Nd2 Re8 12. O-O Bc7 13. a3 Qd6 14. g3 g6 15.
Re1 h5 16. Nf3 Ng4 17. Qd2 Qf8 18. Qc3 Qh6 19. Bf1 Ne5 20. Nd4 h4 21. Bg2 hxg3
22. hxg3 Ng4 23. Nf3 Ne5 24. e4 Nxf3+ 25. Bxf3 d4 26. Qxd4 Be5 27. Qxe5 Rxe5
28. Bxe5 Be6 29. Bf6 Kf8 30. b4 Ke8 31. d4 g5 32. e5 Kd7 33. b5 Bd5 34. bxc6+
bxc6 35. Bxd5 cxd5 36. e6+ fxe6 37. Be5 Ke7 38. Rac1 Rd8 39. Rc6 g4 40. Bf4 Qg6
41. Rexe6+ Qxe6 42. Bg5+ Kd7 43. Rxe6 Rg8 44. Re5 Kd6 45. Bf4 Kc6 46. Rg5 Re8
47. Rxg4 Re1+ 48. Kg2 Ra1 49. Rg6+ Kb5 50. Bd6 1-0

[Event "Open de Figueres Miquel Mas 2017"]
[Site "Figueres ESP"]
[Date "2017.08.12"]
[Round "4.7"]
[White "Martorell Aubanell, Adria"]
[Black "Paraschiv, Paul-Alexandru"]
[Result "1/2-1/2"]
[WhiteElo "2191"]
[BlackElo "2017"]
[PlyCount "65"]
[EventDate "2017.08.10"]
[EventType "swiss"]
[EventRounds "9"]
[EventCountry "ESP"]
[SourceTitle "Ajedrez en Madrid"]
[Source "lmi"]
[SourceDate "2017.08.10"]
[SourceVersion "1"]
[SourceVersionDate "2018.07.27"]
[SourceQuality "1"]

1. d4 Nf6 2. Nf3 e6 3. e3 b6 4. Bd3 Bb7 5. O-O Be7 6. b3 O-O 7. Bb2 c5 8. Nbd2
Nc6 9. c4 d6 10. Rc1 Re8 11. Qe2 Bf8 12. Rfd1 Qc7 13. Bb1 Rad8 14. Nf1 Qe7 15.
Ng3 g6 16. Bc3 Bh6 17. Qb2 cxd4 18. Nxd4 Nxd4 19. Bxd4 e5 20. Bc3 Ba8 21. Bd3
Bf8 22. Bf1 h5 23. h3 Qb7 24. Ne2 Ne4 25. Be1 Ng5 26. Rd5 Qc8 27. Rdd1 Qb7 28.
Rd5 h4 29. Nc3 Bg7 30. Kh2 Qe7 31. Rdd1 e4 32. Qa3 Be5+ 33. Kh1 1/2-1/2

[Event "Open de Figueres Miquel Mas 2017"]
[Site "Figueres ESP"]
[Date "2017.08.12"]
[Round "4.8"]
[White "Cuadras Avellana, Jordi"]
[Black "Renteria, Jorge"]
[Result "1/2-1/2"]
[WhiteElo "2282"]
[BlackElo "2332"]
[PlyCount "168"]
[EventDate "2017.08.10"]
[EventType "swiss"]
[EventRounds "9"]
[EventCountry "ESP"]
[SourceTitle "Ajedrez en Madrid"]
[Source "lmi"]
[SourceDate "2017.08.10"]
[SourceVersion "1"]
[SourceVersionDate "2018.07.27"]
[SourceQuality "1"]

1. e4 c5 2. Nf3 d6 3. d4 cxd4 4. Nxd4 Nf6 5. Nc3 a6 6. Be2 e5 7. Nb3 Be7 8. O-O
O-O 9. Kh1 b5 10. a4 Bb7 11. Bf3 b4 12. Nd5 Nxd5 13. exd5 a5 14. c4 Ba6 15. Be2
Qc7 16. Be3 Nd7 17. Rc1 Nc5 18. Nxc5 dxc5 19. b3 Bd6 20. f3 Bc8 21. Qd2 Bf5 22.
Bg1 Bg6 23. Rce1 f5 24. Bd3 Be8 25. Re2 Bd7 26. h3 Rf6 27. Bh2 f4 28. Qc2 Kf7
29. Rfe1 h6 30. Qb2 Re8 31. Rd1 g5 32. Qd2 Ke7 33. Qe1 Kd8 34. Rf2 Kc8 35. Qe4
Rh8 36. Qe1 h5 37. Re2 Rf7 38. Bc2 g4 39. Qh4 g3 40. Bg1 Rff8 41. Qg5 h4 42.
Rde1 Kb7 43. Rxe5 Bxe5 44. Rxe5 Qd6 45. Re6 Bxe6 46. dxe6 Kb6 47. Be4 Rb8 48.
Bd5 Rhe8 49. Qxh4 Re7 50. Qf6 Rbe8 51. Qf5 Ka6 52. Be4 Rxe6 53. Bxc5 Qe5 54.
Qf7 R8e7 55. Qf8 Re8 56. Qf7 R6e7 57. Qg6+ Qe6 58. Qg5 Qe5 59. Qg6+ Re6 60. Qf7
R8e7 61. Qf8 Qxc5 62. Qa8+ Ra7 63. Qb8 Rxe4 64. fxe4 Qc6 65. Qxf4 Rd7 66. Qxg3
Rd1+ 67. Kh2 Qd6 68. e5 Qb6 69. Qf3 Qg1+ 70. Kg3 Qe1+ 71. Kg4 Rd4+ 72. Kf5 Qb1+
73. Kf6 Qe4 74. Qxe4 Rxe4 75. e6 Kb6 76. h4 Kc7 77. h5 Rh4 78. Kg6 Rg4+ 79. Kf7
Rxg2 80. h6 Rf2+ 81. Kg7 Kd6 82. h7 Rg2+ 83. Kf7 Rh2 84. c5+ Ke5 1/2-1/2

[Event "Open de Figueres Miquel Mas 2017"]
[Site "Figueres ESP"]
[Date "2017.08.12"]
[Round "4.9"]
[White "Vilalta Vidal, Javier"]
[Black "Serra Canals, Oriol"]
[Result "1/2-1/2"]
[WhiteElo "1992"]
[BlackElo "2105"]
[PlyCount "108"]
[EventDate "2017.08.10"]
[EventType "swiss"]
[EventRounds "9"]
[EventCountry "ESP"]
[SourceTitle "Ajedrez en Madrid"]
[Source "lmi"]
[SourceDate "2017.08.10"]
[SourceVersion "1"]
[SourceVersionDate "2018.07.27"]
[SourceQuality "1"]

1. d4 e6 2. c4 d5 3. Nf3 Nf6 4. Nc3 Be7 5. Bf4 O-O 6. e3 b6 7. cxd5 Nxd5 8.
Nxd5 exd5 9. Bd3 c5 10. O-O Be6 11. Rc1 Nd7 12. Ne5 Nxe5 13. Bxe5 c4 14. Bb1 b5
15. Qh5 f5 16. f4 Rf7 17. Rf3 g6 18. Rg3 Bf6 19. Bxf5 Bxf5 20. Qxf5 Bxe5 21.
Qxe5 Qd7 22. Qg5 Re8 23. Rf1 Rf5 24. Qg4 b4 25. Rc1 Kh8 26. Qd1 Rf6 27. Qf3 Re4
28. Rxc4 Rexf4 29. exf4 dxc4 30. Qf2 Rd6 31. Re3 Kg8 32. Re4 c3 33. bxc3 bxc3
34. Qe3 c2 35. Qb3+ Kf8 36. Qxc2 Rc6 37. Qd2 Rc4 38. g3 Qa4 39. Re1 Rxd4 40.
Qe3 Qd7 41. Qe6 Qd8 42. Qe5 Kf7 43. Qe6+ Kf8 44. Qe5 Kf7 45. f5 Rd6 46. fxg6+
hxg6 47. Rf1+ Kg8 48. Qf4 Qe7 49. Qc4+ Kg7 50. Qc3+ Kh7 51. Qf3 Kg7 52. Qc3+
Kh7 53. Qf3 Kg8 54. Qb3+ Kg7 1/2-1/2

[Event "Open de Figueres Miquel Mas 2017"]
[Site "Figueres ESP"]
[Date "2017.08.12"]
[Round "4.10"]
[White "Castella Margarit, Joan Enric"]
[Black "Guix Torres, David"]
[Result "0-1"]
[WhiteElo "1707"]
[BlackElo "2040"]
[PlyCount "140"]
[EventDate "2017.08.10"]
[EventType "swiss"]
[EventRounds "9"]
[EventCountry "ESP"]
[SourceTitle "Ajedrez en Madrid"]
[Source "lmi"]
[SourceDate "2017.08.10"]
[SourceVersion "1"]
[SourceVersionDate "2018.07.27"]
[SourceQuality "1"]

1. e4 c5 2. Nf3 d6 3. d4 cxd4 4. Nxd4 Nf6 5. Nc3 g6 6. Be3 Bg7 7. Qd2 Ng4 8.
Bc4 Nxe3 9. Qxe3 O-O 10. O-O Nc6 11. Nb3 Ne5 12. Be2 Be6 13. Nd5 Rc8 14. c3 a6
15. Rad1 Nc4 16. Bxc4 Rxc4 17. Nd2 Rc6 18. Nf3 Bg4 19. h3 Bxf3 20. Qxf3 e6 21.
Ne3 Qb6 22. Qe2 Rfc8 23. Kh1 Qa5 24. a3 Qa4 25. Nc2 Rb6 26. Nd4 Qc4 27. Rfe1
Bh6 28. Qxc4 Rxc4 29. Re2 Kf8 30. g3 Bg7 31. Kg2 Ke7 32. f4 Bxd4 33. cxd4 Rbc6
34. d5 Rc2 35. Rdd2 Rxd2 36. Rxd2 exd5 37. exd5 Rb6 38. b4 Rb5 39. Kf3 a5 40.
Rd4 f5 41. g4 axb4 42. axb4 Rb6 43. Kg3 Ra6 44. Kh4 Kf6 45. Rc4 h6 46. Kg3 Ra3+
47. Kg2 Ra2+ 48. Kg3 Ra3+ 49. Kg2 Rb3 50. Rd4 g5 51. Kh2 Re3 52. fxg5+ hxg5 53.
gxf5 Kxf5 54. Kg2 Rb3 55. Kh2 b5 56. Kg2 Rc3 57. h4 gxh4 58. Rxh4 Ke5 59. Rh5+
Kd4 60. Kf2 Rb3 61. Ke2 Rb2+ 62. Kd1 Rxb4 63. Kc2 Kc5 64. Kc3 Rc4+ 65. Kb3 Rd4
66. Rg5 Rd3+ 67. Kc2 Rxd5 68. Rg8 Rh5 69. Rc8+ Kb4 70. Rc6 Rc5+ 0-1

[Event "Open de Figueres Miquel Mas 2017"]
[Site "Figueres ESP"]
[Date "2017.08.13"]
[Round "5.1"]
[White "Riff, Jean-Noel"]
[Black "Vidal Zamora, Alex"]
[Result "1/2-1/2"]
[WhiteElo "2499"]
[BlackElo "2365"]
[PlyCount "42"]
[EventDate "2017.08.10"]
[EventType "swiss"]
[EventRounds "9"]
[EventCountry "ESP"]
[SourceTitle "Ajedrez en Madrid"]
[Source "lmi"]
[SourceDate "2017.08.10"]
[SourceVersion "1"]
[SourceVersionDate "2018.07.27"]
[SourceQuality "1"]

1. e4 c5 2. Nf3 e6 3. d4 cxd4 4. Nxd4 a6 5. Bd3 Nf6 6. Nc3 Qc7 7. f4 d6 8. Qf3
Nc6 9. Be3 Be7 10. O-O O-O 11. Kh1 Bd7 12. Qg3 g6 13. Rae1 b5 14. a3 Rac8 15.
f5 Ne5 16. Qh3 Nfg4 17. Bg1 Qd8 18. Nce2 Bg5 19. Ng3 Kg7 20. Nf3 Bf6 21. Nxe5
Nxe5 1/2-1/2

[Event "Open de Figueres Miquel Mas 2017"]
[Site "Figueres ESP"]
[Date "2017.08.13"]
[Round "5.2"]
[White "Gonzalez Rodriguez, Jorge A."]
[Black "Munoz, Miguel"]
[Result "1/2-1/2"]
[WhiteElo "2274"]
[BlackElo "2497"]
[PlyCount "77"]
[EventDate "2017.08.10"]
[EventType "swiss"]
[EventRounds "9"]
[EventCountry "ESP"]
[SourceTitle "Ajedrez en Madrid"]
[Source "lmi"]
[SourceDate "2017.08.10"]
[SourceVersion "1"]
[SourceVersionDate "2018.07.27"]
[SourceQuality "1"]

1. b3 e5 2. Bb2 Nc6 3. e3 Nf6 4. Bb5 Bd6 5. Ne2 a6 6. Bxc6 dxc6 7. d3 Qe7 8. e4
Bg4 9. h3 Bxe2 10. Qxe2 Nd7 11. Nd2 Nc5 12. Nc4 Ne6 13. g3 f6 14. c3 b5 15. Ne3
g6 16. h4 h5 17. d4 b4 18. dxe5 bxc3 19. exd6 cxb2 20. d7+ Kf7 21. Qxb2 Qb4+
22. Qd2 Qxe4 23. O-O-O a5 24. Nc2 Rhd8 25. Rhe1 Qf5 26. Qe3 c5 27. Rd2 Ra6 28.
Red1 a4 29. Qe2 Rd6 30. Rxd6 cxd6 31. Rxd6 axb3 32. axb3 Ke7 33. Qd2 Qf3 34.
Rd3 Qc6 35. Qh6 Kf7 36. Qd2 Ke7 37. Qh6 Kf7 38. Qd2 Ke7 39. Qe3 1/2-1/2